All The Boy's Episodes - Statistics

General Stats
  • This quiz has been taken 12 times
  • The average score is 23 of 40
Answer Stats
Hint Answer % Correct
S5 Ep 8 Blood And Bone
100%
S1 Ep 2 Cherry
100%
S1 Ep 3 Get Some
100%
S1 Ep 5 Good For The Soul
100%
S5 Ep 2 Teenage Kix
100%
S1 Ep 4 The Female Of The Species
100%
S5 Ep 7 The Frenchman, the Female, and the Man Called Mother's Milk
100%
S1 Ep 1 The Name Of The Game
100%
S3 EP 3 Barbary Coast
50%
S2 Ep 7 Butcher, Baker, Candlestick Maker
50%
S4 Ep 1 Department Of Dirty Tricks
50%
S4 Ep 6 Dirty Business
50%
S5 Ep 3 Every One Of You Sons Of Bitches
50%
S5 Ep 1 Fifteen Inches Of Sheer Dynamite
50%
S3 Ep 4 Glorious Five Year Plan
50%
S3 Ep 7 Here Comes a Candle to Light You to Bed
50%
S3 Ep 6 Herogasm
50%
S5 Ep 4 King Of Hell
50%
S4 Ep 2 Life Among The Septics
50%
S2 Ep 4 Nothing Like It In The World
50%
S5 Ep 5 One-Shots
50%
S2 Ep 3 Over the Hill With the Swords of a Thousand Men
50%
S3 Ep 1 Payback
50%
S2 Ep 2 Proper Preparation And Planning
50%
S2 Ep 1 The Big Ride
50%
S2 Ep 6 The Bloody Doors Off
50%
S1 Ep 6 The Innocents
50%
S4 Ep 7 The Insider
50%
S3 Ep 8 The Instant White-Hot Wild
50%
S3 Ep 5 The Last Time to Look on This World of Lies
50%
S3 Ep 2 The Only Man In The Sky
50%
S1 Ep 7 The Self-Preservation Society
50%
S2 Ep 5 We Gotta Go Now
50%
S4 EP 3 We'll Keep the Red Flag Flying Here
50%
S2 Ep 8 What I Know
50%
S4 Ep 4 Wisdom Of The Ages
50%
S1 Ep 8 You Found Me
50%
S4 Ep 5 Beware of the Jabberwock, My Son
0%
S4 Ep 8 Season Four Finale
0%
S5 Ep 6 Through The Heavens Fall
0%
No matching quizzes found
Score Distribution
Percent of People with Each Score
Percentile by Number Answered
Your Score History
You have not taken this quiz